HOW TO VALUE SHARES AND OUTPERFORM THE M (Record no. 29074)

MARC details
000 -LEADER
fixed length control field 00365nam a2200145Ia 4500
008 - FIXED-LENGTH DATA ELEMENTS--GENERAL INFORMATION
fixed length control field 240624s9999 xx 000 0 und d
041 ## - LANGUAGE CODE
Language code of text/sound track or separate title eng
082 ## - DEWEY DECIMAL CLASSIFICATION NUMBER
Classification number 332.6322 MAR
100 ## - MAIN ENTRY--PERSONAL NAME
Personal name MARTIN GLENN
245 ## - TITLE STATEMENT
Title HOW TO VALUE SHARES AND OUTPERFORM THE M
260 ## - PUBLICATION, DISTRIBUTION, ETC.
Date of publication, distribution, etc. 2011
Place of publication, distribution, etc. Hampshire
Name of publisher, distributor, etc. Harriman House
300 ## - PHYSICAL DESCRIPTION
Extent 264 p.; 22 cm.
365 ## - TRADE PRICE
Currency code BPS
Price amount 38
440 ## - SERIES STATEMENT/ADDED ENTRY--TITLE
Volume/sequential designation 1
Holdings
Withdrawn status Lost status Damaged status Not for loan Home library Current library Shelving location Date acquired Cost, normal purchase price Full call number Barcode Date last seen Copy number Price effective from Koha item type
        IMTN IMTN Rack 11-A 08/21/2017 24.99 332.6322 MAR 29074 06/24/2024 85.7 06/24/2024 Books
Designed & Maintained by: LRC IMT Nagpur Contact: lrc@imtnag.ac.in© 2024. All Rights Reserved.